|
|
|
|
| LEADER |
01707cas a2200265 a 4500 |
| 001 |
AALejournalIMF017704 |
| 008 |
230101c9999 xx r poo 0 0eng d |
| 020 |
|
|
|c 5.00 USD
|
| 020 |
|
|
|z 9781484303313
|
| 022 |
|
|
|a 1018-5941
|
| 040 |
|
|
|a BD-DhAAL
|c BD-DhAAL
|
| 100 |
1 |
|
|a Andreasen, Eugenia.
|
| 245 |
1 |
0 |
|a Capital Controls and the Cost of Debt /
|c Eugenia Andreasen, Martin Schindler, Patricio Valenzuela.
|
| 264 |
|
1 |
|a Washington, D.C. :
|b International Monetary Fund,
|c 2017.
|
| 300 |
|
|
|a 1 online resource (26 pages)
|
| 490 |
1 |
|
|a IMF Working Papers
|
| 500 |
|
|
|a <strong>Off-Campus Access:</strong> No User ID or Password Required
|
| 500 |
|
|
|a <strong>On-Campus Access:</strong> No User ID or Password Required
|
| 506 |
|
|
|a Electronic access restricted to authorized BRAC University faculty, staff and students
|
| 520 |
3 |
|
|a Using a panel data set for international corporate bonds and capital account restrictions in advanced and emerging economies, we show that restrictions on capital inflows produce a substantial and economically meaningful increase in corporate bond spreads. A number of heterogeneities suggest that the effect of capital controls on inflows is particularly strong for more financially constrained firms, establishing a novel channel through which capital controls affect economic outcomes. By contrast, we do not find a robust significant effect of restrictions on outflows.
|
| 538 |
|
|
|a Mode of access: Internet
|
| 700 |
1 |
|
|a Schindler, Martin.
|
| 700 |
1 |
|
|a Valenzuela, Patricio.
|
| 830 |
|
0 |
|a IMF Working Papers; Working Paper ;
|v No. 2017/135
|
| 856 |
4 |
0 |
|z Full text available on IMF
|u http://elibrary.imf.org/view/journals/001/2017/135/001.2017.issue-135-en.xml
|z IMF e-Library
|